00522nam a2200181 a 4500001001300000003000900013005001700022008004100039020002500080082002000105100001900125245005900144260004800203300000900251500003500260505001700295650002800312nice12345678IN_TiNIC20260116013046.0050524s1990 bloa grp 000 0 eng  a0253778 c17.9500a305.420917bBAD aBadran, Margot aOpening the Gatesb a Century of Arab Feminist Writing aBloomingtonbIndiana University Pressc1990 a412p aincludes index and biblioraphy2 aNotes, Index aFeminism-Arab Countries